000 00640nam a2200241 a 4500
001 72845
003 BD-RJUL
005 20240922121820.0
008 170524s1941 enka 001 0 eng d
035 _a(BD-RJUL) 72845
040 _aEQO
_cEQO
_beng
_dBD-RJUL
041 _aeng
082 _223
_a540
_bBRP 1941
100 1 _aBruce, James
_9215460
245 1 0 _aPractical Chemistry /
_cby J. Bruce and H. Harper.
250 _a5th ed.
260 _aLondon :
_cMcmillan,
_bc1941.
300 _axi, 509 p. :
_bill. ;
_c22 cm.
500 _aIncludes Index.
650 _aChemistry
_9215461
700 1 _aHarper, H.
_913564
942 _2ddc
_cBK
999 _c72845
_d72845